Banderas aleatorias del mundo - Estadísticas

Estadísticas generales
  • Esta prueba ha sido intentada 1.143 veces
  • La puntuación promedio es 17 de 20
Estadísticas de respuestas
Imagen Respuesta % Correcto
Arabia Saudita
100%
Argentina
100%
Armenia
100%
Australia
100%
Bangladés
100%
Chile
100%
China
100%
Cuba
100%
Dinamarca
100%
España
100%
Estados Unidos
100%
Estonia
100%
Finlandia
100%
Francia
100%
Honduras
100%
Islandia
100%
Italia
100%
Jamaica
100%
Líbano
100%
Malta
100%
Panamá
100%
Perú
100%
Reino Unido
100%
República Democrática del Congo
100%
Rumania
100%
Sudáfrica
100%
Suecia
100%
Suiza
100%
Tailandia
100%
Taiwán
100%
Turquía
100%
Ucrania
100%
Albania
96%
Austria
96%
Corea del Norte
96%
Irán
96%
Japón
96%
Países Bajos
96%
Brasil
95%
Bulgaria
95%
Chipre
95%
Ecuador
95%
Kazajistán
95%
Senegal
95%
Seychelles
95%
Angola
94%
Croacia
94%
Egipto
94%
Emiratos Árabes Unidos
94%
Irak
94%
Irlanda
94%
Israel
94%
Laos
94%
México
94%
Mónaco
94%
Noruega
94%
Paraguay
94%
Portugal
94%
República Dominicana
94%
Túnez
94%
Argelia
93%
Catar
93%
Ciudad del Vaticano
93%
Corea del Sur
93%
Costa de Marfil
93%
Grecia
93%
Macedonia del Norte
93%
Nepal
93%
Polonia
93%
Rusia
93%
Serbia
93%
Uruguay
93%
Alemania
92%
Bélgica
92%
Belice
92%
Bután
92%
Canadá
92%
Hungría
92%
India
92%
Timor Oriental
92%
Venezuela
92%
Bielorrusia
91%
Eslovenia
91%
Jordania
91%
Moldavia
91%
Nueva Zelanda
91%
Baréin
90%
Burkina Faso
90%
Eslovaquia
90%
Montenegro
90%
Níger
90%
República Centroafricana
90%
Surinam
90%
Andorra
89%
Azerbaiyán
89%
Bolivia
89%
Brunéi
89%
Guatemala
89%
Pakistán
89%
Vietnam
89%
Liechtenstein
88%
República Checa
88%
Sudán del Sur
88%
Etiopía
87%
Indonesia
87%
Lituania
87%
Malasia
87%
Marruecos
87%
Mongolia
87%
Tayikistán
87%
Antigua y Barbuda
86%
Costa Rica
86%
Granada
86%
Haití
86%
Myanmar
86%
Nigeria
86%
Palaos
86%
Kuwait
85%
Madagascar
85%
Mauricio
85%
Sri Lanka
85%
Trinidad y Tobago
85%
Fiyi
84%
Luxemburgo
84%
Uzbekistán
84%
Bahamas
83%
Colombia
83%
Maldivas
83%
Mozambique
83%
Nicaragua
83%
Ruanda
83%
San Marino
83%
Somalia
83%
Camerún
82%
Islas Marshall
82%
Kenia
82%
Malí
82%
Turkmenistán
82%
Yemen
82%
Afganistán
81%
Barbados
81%
Chad
81%
Dominica
81%
Papúa Nueva Guinea
81%
Singapur
81%
Siria
81%
Guinea
80%
Santa Lucía
80%
Estados Federados de Micronesia
79%
San Vicente y las Granadinas
79%
Sierra Leona
79%
Uganda
79%
Zimbabue
79%
Bosnia y Herzegovina
77%
Camboya
77%
Esuatini
77%
Omán
77%
Botsuana
76%
El Salvador
76%
Islas Salomón
76%
Malaui
76%
Namibia
76%
Tonga
76%
Filipinas
75%
Georgia
75%
Lesoto
75%
Liberia
75%
Guinea Ecuatorial
74%
Letonia
74%
Tuvalu
74%
Kosovo
73%
Tanzania
73%
Cabo Verde
72%
Santo Tomé y Príncipe
72%
Zambia
72%
Benín
71%
Eritrea
71%
Gambia
71%
Guyana
70%
Togo
68%
Ghana
67%
Guinea-Bissau
67%
Sudán
67%
Comoras
65%
Gabón
65%
Kirguistán
64%
Kiribati
64%
Vanuatu
64%
Burundi
63%
Mauritania
63%
Libia
61%
Nauru
61%
San Cristóbal y Nieves
61%
República del Congo
59%
Yibuti
57%
Samoa
56%
No se encontraron pruebas coincidentes
Distribución de puntuación
Porcentaje de gente con cada puntuación
Porcentaje por número respondido
Historial de tus puntuaciones
No has intentado esta prueba.